| 000 | 01816nam a2200373Ic 4500 | ||
|---|---|---|---|
| 001 | 59605 | ||
| 003 | CO-BoRNBP | ||
| 005 | 20251023205804.0 | ||
| 007 | ta | ||
| 008 | 121119s2011 ck a g 000 1 spa | ||
| 020 | _a9789581413553 | ||
| 040 |
_aCO-BoRNBP _bspa _erda _cCO-BoRNBP |
||
| 041 | _aspa | ||
| 084 | _aA | ||
| 100 |
_aCasas, Lola, _d1951- _eaut _966028 |
||
| 245 | 1 | 0 |
_aErnesto, el león hambiento / _ctexto Lola Casas y Gusti ; ilustraciones de Gusti. |
| 250 | _aEdición especial para el Ministerio de Cultura | ||
| 264 | 1 |
_aBogotá, Colombia : _bPlaza y Janés, _c2011 |
|
| 300 |
_a[34] páginas sin enumerar : _bilustraciones en color |
||
| 336 |
_atexto _btxt _2rdacontent |
||
| 337 |
_asin mediación _bn _2rdamedia |
||
| 338 |
_avolumen _bnc _2rdacarrier |
||
| 490 | 0 | _aLeer es mi cuento | |
| 500 | _aIncluye datos biográficos del autor | ||
| 520 | _aErnesto el león se prepara para cazar; se ha despertado muy hambriento y tras una detenida consideración finalmente se decide por una jugosa cebra que junto al estanque abreva. Pero justo cuando está listo para saltar los rugidos de su compañera lo alertan: se ha olvidado de ir a recoger a sus cachorritos al colegio. Las lustraciones mezclan maravillosamente la pintura con el collage | ||
| 521 | _aRecomendado para niños de 4 a 6 años | ||
| 650 | 0 | 4 |
_aÁlbumes infantiles españoles _ySiglo XX _2LEMB _9844 |
| 650 | 0 | 7 |
_aLeones en la literatura _2lemb _960486 |
| 650 | 0 | 7 |
_aLibros ilustrados para niños _2LEMB _92001 |
| 650 | 0 | 4 |
_aLiteratura infantil española _ySiglo XX _2LEMB _9845 |
| 700 |
_aGusti, _d1963- , _eill _9781 |
||
| 830 |
_aDe cero a Siempre. Colección para la Primera Infancia del Ministerio de Cultura, Plan Nacional de Lectura y Escritura Leer es mi cuento, Primera Infancia 2013 _964580 |
||
| 942 |
_2loc _cBKINF |
||
| 999 |
_c59605 _d59605 |
||